| 000 | 00733nam a2200217 a 4500 | ||
|---|---|---|---|
| 001 | BRCA_2248 | ||
| 005 | 20190320203729.0 | ||
| 008 | 950808s1995 mx-a---###---#000-0#spa-# | ||
| 020 | _a9681851455 | ||
| 040 |
_aDLC _cDLC _dDLC |
||
| 050 | 4 |
_aNA759.R3 _b.V37 1995 |
|
| 100 | 1 |
_aVargas Salguero, Ramón _96747 |
|
| 245 | 1 | 0 |
_aPabellones y museos de Pedro Ramírez Vázquez _cRamón Vargas Salguero. |
| 260 |
_aMéxico _bNoriega _c1995. |
||
| 300 |
_a240 p. _bil. (algunas a color) _c31 cm. |
||
| 600 | 1 | 4 |
_aRamírez Vázquez, Pedro _d1919- _xCritica e interpretación. _9626 |
| 610 | 2 | 4 |
_aMuseo de Arquitectura (México) _96748 |
| 650 | 1 | 4 |
_aArquitectos mexicanos _9628 |
| 700 | 1 |
_aRamírez Vázquez, Pedro _d1919- _96749 |
|
| 942 |
_2lcc _cB |
||
| 999 |
_c1997 _d1997 |
||